[Event "CYCC U18"]
[Site "Victoria CAN"]
[Date "2005.03.25"]
[Round "4"]
[White "Bluvshtein, Mark"]
[Black "Meng, Fanhao"]
[Result "1-0"]
[WhiteElo "2523"]
[BlackElo "2272"]
[PlyCount "109"]
[GameId "2160767910965334"]
[EventDate "2005.03.24"]
[EventType "swiss"]
[EventRounds "7"]
[EventCountry "CAN"]
[SourceTitle "EXT 2006"]
[Source "ChessBase"]
[SourceDate "2005.11.24"]
[SourceVersion "1"]
[SourceVersionDate "2005.11.24"]
[SourceQuality "1"]

1. d4 d5 2. c4 c6 3. Nf3 Nf6 4. Nc3 a6 5. c5 Nbd7 6. Bf4 Nh5 7. e3 Nxf4 8. exf4 Qc7 9. Qd2 e6 10. Bd3 b6 11. cxb6 Nxb6 12. O-O Be7 13. Ne2 a5 14. Rfc1 Bd7 15. Ne5 f6 16. Nxd7 Qxd7 17. Qc3 Bd8 18. Qxc6 Rc8 19. Qxd7+ Kxd7 20. Rc5 Rxc5 21. dxc5 Na8 22. Bb5+ Ke7 23. a3 Nc7 24. Bd3 Kd7 25. b4 Be7 26. Rc1 axb4 27. axb4 e5 28. f3 Rb8 29. b5 Nxb5 30. Rb1 Kc6 31. Nc3 Bxc5+ 32. Kf1 Nxc3 33. Rxb8 exf4 34. h4 h5 35. Rg8 g5 36. hxg5 fxg5 37. Rg6+ Bd6 38. Rxg5 h4 39. Rg4 Kc5 40. Ke1 Na4 41. Rxh4 Nb6 42. Ke2 Nd7 43. Bf5 Nf6 44. Kd3 Be5 45. Rh8 Kd6 46. Ra8 Ke7 47. Ra7+ Kd6 48. Ra6+ Kc5 49. Bc8 Bb2 50. Bb7 Be5 51. Rc6+ Kb5 52. Re6 Bb2 53. Re2 Ba3 54. Kd4 Bc5+ 55. Ke5 1-0

[Event "CYCC U18"]
[Site "Victoria CAN"]
[Date "2005.03.25"]
[Round "4.2"]
[White "Lee, Jason"]
[Black "Stevens, Christian"]
[Result "1/2-1/2"]
[WhiteElo "1894"]
[BlackElo "2344"]
[PlyCount "95"]
[GameId "2160767910965335"]
[EventDate "2005.03.24"]
[EventType "swiss"]
[EventRounds "7"]
[EventCountry "CAN"]

1. d4 Nf6 2. c4 Nc6 3. Nc3 e5 4. d5 Ne7 5. e4 Ng6 6. Be3 Bb4 7. f3 Bxc3+ 8. bxc3 d6 9. c5 O-O 10. Bd3 Nd7 11. cxd6 cxd6 12. Ne2 Qc7 13. O-O Nc5 14. Bc2 b6 15. Nc1 Nb7 16. Qd2 Na5 17. Bd3 Bd7 18. Nb3 Nc4 19. Bxc4 Qxc4 20. Qf2 Rac8 21. Rfc1 f5 22. Nd2 Qc7 23. c4 fxe4 24. Nxe4 Bf5 25. a4 Bxe4 26. fxe4 Nf4 27. a5 b5 28. g3 Nh3+ 29. Kg2 Qd7 30. Qe1 g6 31. cxb5 Rce8 32. Rc6 Nf4+ 33. Kh1 Qh3 34. Qf1 Qh5 35. Ra2 Nh3 36. Qe2 Rf3 37. Rac2 Qg4 38. Kg2 Ref8 39. Rc8 Rf2+ 40. Bxf2 Nf4+ 41. Kf1 Nxe2 42. Rxf8+ Kxf8 43. Rxe2 Qf3 44. b6 axb6 45. axb6 Qb3 46. Re3 Qb1+ 47. Kg2 Ke8 48. Re2 1/2-1/2

[Event "CYCC U18"]
[Site "Victoria CAN"]
[Date "2005.03.25"]
[Round "4.4"]
[White "Kostin, Andrey"]
[Black "Davies, Lucas"]
[Result "1/2-1/2"]
[WhiteElo "1992"]
[BlackElo "2140"]
[PlyCount "49"]
[GameId "2160767910965337"]
[EventDate "2005.03.24"]
[EventType "swiss"]
[EventRounds "7"]
[EventCountry "CAN"]

1. d4 Nf6 2. c4 g6 3. Nc3 Bg7 4. g3 O-O 5. Bg2 d6 6. Nf3 c5 7. O-O Nc6 8. d5 Na5 9. Nd2 a6 10. Qc2 Rb8 11. b3 b5 12. Bb2 bxc4 13. bxc4 e5 14. e4 Bh6 15. f4 exf4 16. gxf4 Nh5 17. Ne2 Bg4 18. Bf3 Bxf3 19. Rxf3 Nxf4 20. Nxf4 Bxf4 21. Bc3 Qg5+ 22. Kh1 Be5 23. Rg1 Qh5 24. Bxe5 dxe5 25. Rd3 1/2-1/2

[Event "CYCC U18"]
[Site "Victoria CAN"]
[Date "2005.03.25"]
[Round "4.5"]
[White "Daswani, Benedict"]
[Black "Abrahams, Daniel"]
[Result "0-1"]
[WhiteElo "1983"]
[BlackElo "1927"]
[PlyCount "69"]
[GameId "2160767910965338"]
[EventDate "2005.03.24"]
[EventType "swiss"]
[EventRounds "7"]
[EventCountry "CAN"]

1. g3 Nf6 2. d3 d5 3. Bg2 c6 4. Nc3 Nbd7 5. e4 e6 6. f4 dxe4 7. Nxe4 Qb6 8. Ne2 Be7 9. Nf2 h5 10. Qd2 Ng4 11. Nxg4 hxg4 12. Qe3 Qxe3 13. Bxe3 Bf6 14. O-O-O Nb6 15. d4 Nd5 16. Bf2 Bd7 17. c4 Nb6 18. b3 O-O-O 19. a4 Kb8 20. Nc3 Nc8 21. Rd2 Rh5 22. h4 gxh3 23. Rxh3 Rxh3 24. Bxh3 Ne7 25. Ne4 Rh8 26. Bg2 Nf5 27. Bf3 Be7 28. c5 Nh6 29. b4 f5 30. Nc3 g5 31. b5 Kc7 32. Rb2 gxf4 33. gxf4 Ng4 34. Bg3 Rh3 35. Rg2 0-1

[Event "CYCC U18"]
[Site "Victoria CAN"]
[Date "2005.03.25"]
[Round "4.6"]
[White "Verdenik, Chris"]
[Black "Harper, Jamie"]
[Result "0-1"]
[WhiteElo "1115"]
[BlackElo "1606"]
[PlyCount "78"]
[GameId "2160767910965339"]
[EventDate "2005.03.24"]
[EventType "swiss"]
[EventRounds "7"]
[EventCountry "CAN"]

1. d4 Nf6 2. Nc3 e6 3. e4 Bb4 4. Bd2 Bxc3 5. Bxc3 Nxe4 6. Qf3 Nxc3 7. Qxc3 b6 8. g3 Bb7 9. f3 Nc6 10. d5 exd5 11. Qxg7 Qe7+ 12. Be2 O-O-O 13. O-O-O Rdg8 14. Qc3 d4 15. Rxd4 Nxd4 16. Qxd4 Re8 17. Kb1 Kb8 18. a3 d6 19. Qh4 Qxh4 20. gxh4 Rhg8 21. Bb5 Re1+ 22. Ka2 Rgxg1 23. Rxg1 Rxg1 24. Be8 Rd1 25. Bxf7 Bd5+ 26. Bxd5 Rxd5 27. Kb3 Rh5 28. Kc3 Rxh4 29. Kd3 Rxh2 30. b3 Rg2 31. f4 h5 32. f5 h4 33. Ke4 Rf2 34. c4 h3 35. b4 h2 36. f6 h1=Q+ 37. Ke3 Qe1+ 38. Kd4 Rd2+ 39. Kc3 Qe3# 0-1

[Event "CYCC U18"]
[Site "Victoria CAN"]
[Date "2005.03.26"]
[Round "5.2"]
[White "Meng, Fanhao"]
[Black "Stevens, Christian"]
[Result "1/2-1/2"]
[WhiteElo "2246"]
[BlackElo "2344"]
[PlyCount "41"]
[GameId "2160767910965341"]
[EventDate "2005.03.24"]
[EventType "swiss"]
[EventRounds "7"]
[EventCountry "CAN"]

1. e4 c5 2. c3 Nf6 3. e5 Nd5 4. d4 cxd4 5. Nf3 Nc6 6. cxd4 d6 7. Bc4 Nb6 8. Bb5 dxe5 9. Nxe5 Bd7 10. Bxc6 Bxc6 11. Nxc6 bxc6 12. O-O e6 13. Be3 Be7 14. Nd2 O-O 15. Rc1 Rc8 16. Nb3 Nd5 17. Nc5 Nxe3 18. fxe3 e5 19. Qd3 exd4 20. exd4 Qd5 21. Nb3 1/2-1/2

[Event "CYCC U18"]
[Site "Victoria CAN"]
[Date "2005.03.26"]
[Round "5.3"]
[White "Yuan, Michael"]
[Black "Lee, Jason"]
[Result "0-1"]
[WhiteElo "2131"]
[BlackElo "1894"]
[PlyCount "114"]
[GameId "2160767910965342"]
[EventDate "2005.03.24"]
[EventType "swiss"]
[EventRounds "7"]
[EventCountry "CAN"]

1. e4 c5 2. Nc3 Nc6 3. f4 g6 4. Nf3 Bg7 5. Bb5 Nd4 6. O-O a6 7. Bd3 e6 8. Nxd4 cxd4 9. Ne2 d5 10. e5 Ne7 11. b3 f6 12. exf6 Bxf6 13. Bb2 Qb6 14. Qe1 Nc6 15. f5 gxf5 16. Nf4 Kf7 17. Qe2 Ne5 18. Qh5+ Kg7 19. Rae1 Ng6 20. g4 Nxf4 21. Rxf4 e5 22. g5 exf4 23. Qh6+ Kf7 24. Ba3 Bd8 25. Re7+ Bxe7 26. Qxb6 Bxa3 27. Qxd4 Bd7 28. Qxd5+ Be6 29. Qxb7+ Kg6 30. Qc6 Kf7 31. Bxf5 Bxf5 32. Qf6+ Kg8 33. Qxf5 Rf8 34. Qe6+ Rf7 35. h4 Bc5+ 36. Kf1 Be7 37. d4 Kf8 38. d5 Rg8 39. d6 Bd8 40. d7 Be7 41. Qxa6 Kg7 42. Qc8 Rd8 43. a4 f3 44. a5 f2 45. a6 Bxg5 46. hxg5 Rdxd7 47. Qxd7 Rxd7 48. b4 Kf7 49. b5 Ra7 50. c4 Ke7 51. c5 Ke6 52. c6 Kd5 53. b6 Rxa6 54. b7 Ra1+ 55. Kxf2 Rb1 56. Kf3 Kxc6 57. Kg4 Rxb7 0-1

[Event "CYCC U18"]
[Site "Victoria CAN"]
[Date "2005.03.26"]
[Round "5.4"]
[White "Davies, Lucas"]
[Black "Abrahams, Daniel"]
[Result "1/2-1/2"]
[WhiteElo "2140"]
[BlackElo "1927"]
[PlyCount "46"]
[GameId "2160767910965343"]
[EventDate "2005.03.24"]
[EventType "swiss"]
[EventRounds "7"]
[EventCountry "CAN"]

1. e4 c5 2. Nc3 e6 3. g3 g6 4. Bg2 Bg7 5. d3 Ne7 6. Be3 b6 7. Nge2 Bb7 8. d4 cxd4 9. Nxd4 O-O 10. Ndb5 d5 11. exd5 Nxd5 12. Nxd5 Bxd5 13. Bxd5 exd5 14. c3 a6 15. Nd4 Qd7 16. O-O Nc6 17. Nxc6 Qxc6 18. Qb3 Rad8 19. Rfd1 Rd7 20. Rd3 Rfd8 21. Rad1 b5 22. Bg5 f6 23. Be3 Bf8 1/2-1/2

[Event "CYCC U18"]
[Site "Victoria CAN"]
[Date "2005.03.25"]
[Round "5.5"]
[White "Harper, Jamie"]
[Black "Kostin, Andrey"]
[Result "0-1"]
[WhiteElo "1606"]
[BlackElo "1992"]
[PlyCount "74"]
[GameId "2160767910965344"]
[EventDate "2005.03.24"]
[EventType "swiss"]
[EventRounds "7"]
[EventCountry "CAN"]

1. e4 e5 2. Nc3 Nf6 3. g3 d5 4. exd5 Nxd5 5. Bg2 Nxc3 6. bxc3 Bd6 7. Ne2 Nd7 8. O-O O-O 9. d3 c6 10. Bd2 Nb6 11. c4 Be6 12. Nc3 f6 13. Ne4 Be7 14. Re1 Bf7 15. Bh3 Nc8 16. Be3 b6 17. c3 Bg6 18. Qd2 Qc7 19. f4 Rd8 20. f5 Bf7 21. Qc2 Nd6 22. Bf2 Nb7 23. Rad1 Rd7 24. g4 Rad8 25. Bg2 Nd6 26. h3 Nxe4 27. Bxe4 b5 28. cxb5 cxb5 29. d4 exd4 30. cxd4 Qxc2 31. Bxc2 b4 32. Bb3 Bxb3 33. axb3 Rc8 34. Re3 Rc3 35. Rxc3 bxc3 36. Rc1 Rc7 37. Be1 c2 0-1

[Event "CYCC U18"]
[Site "Victoria CAN"]
[Date "2005.03.26"]
[Round "5.6"]
[White "Verdenik, Chris"]
[Black "Daswani, Benedict"]
[Result "0-1"]
[WhiteElo "1115"]
[BlackElo "1983"]
[PlyCount "84"]
[GameId "2160767910965345"]
[EventDate "2005.03.24"]
[EventType "swiss"]
[EventRounds "7"]
[EventCountry "CAN"]

1. g3 g6 2. Bg2 d6 3. d3 e5 4. e4 Bg7 5. Nf3 h6 6. h3 Be6 7. Be3 Ne7 8. Nc3 Nbc6 9. d4 exd4 10. Nxd4 O-O 11. Nxc6 Nxc6 12. Ne2 Kh7 13. O-O Qc8 14. Nf4 Bxb2 15. Rb1 Bg7 16. Qd2 Bxa2 17. Rbc1 Ne5 18. c3 Be6 19. Nxe6 fxe6 20. f4 Nc4 21. Qd3 Nxe3 22. Qxe3 a5 23. Qd3 a4 24. e5 d5 25. c4 dxc4 26. Qxc4 c6 27. Be4 Qd7 28. Rcd1 Qe7 29. Rd6 Rfe8 30. Rxe6 Qxe6 31. Qxe6 Rxe6 32. f5 Rxe5 33. fxg6+ Kg8 34. Bb1 a3 35. Ba2+ Kh8 36. h4 Re2 37. Rf2 Bd4 38. Bb3 a2 39. Kg2 Rxf2+ 40. Kh3 a1=Q 41. g7+ Bxg7 42. Kg4 Qc3 0-1

[Event "CYCC U18"]
[Site "Victoria CAN"]
[Date "2005.03.26"]
[Round "6.1"]
[White "Bluvshtein, Mark"]
[Black "Lee, Jason"]
[Result "1-0"]
[WhiteElo "2526"]
[BlackElo "1894"]
[PlyCount "73"]
[GameId "2160767910965346"]
[EventDate "2005.03.24"]
[EventType "swiss"]
[EventRounds "7"]
[EventCountry "CAN"]

1. d4 Nf6 2. c4 g6 3. Nc3 Bg7 4. e4 d6 5. Nf3 O-O 6. Be2 Nc6 7. d5 Nb8 8. O-O e5 9. Ne1 Ne8 10. Be3 f5 11. exf5 Bxf5 12. Nf3 Nf6 13. Nd2 a5 14. f3 Na6 15. a3 b6 16. Nde4 Nc5 17. Ng3 Bd7 18. b4 axb4 19. axb4 Rxa1 20. Qxa1 Nb3 21. Qa2 Nd4 22. Bd3 Nf5 23. Nxf5 Bxf5 24. Qc2 Nh5 25. Be4 Qd7 26. Ra1 Nf6 27. Ra7 Bxe4 28. Nxe4 Nxe4 29. Qxe4 Qc8 30. h3 Rf7 31. c5 bxc5 32. bxc5 Qf5 33. c6 Qxe4 34. fxe4 Bf6 35. Bb6 Bd8 36. Ra8 Rf8 37. Ba5 1-0

[Event "CYCC U18"]
[Site "Victoria CAN"]
[Date "2005.03.26"]
[Round "6.3"]
[White "Davies, Lucas"]
[Black "Verdenik, Chris"]
[Result "1-0"]
[WhiteElo "2140"]
[BlackElo "1115"]
[PlyCount "79"]
[GameId "2160767910965348"]
[EventDate "2005.03.24"]
[EventType "swiss"]
[EventRounds "7"]
[EventCountry "CAN"]

1. e4 e5 2. Nf3 d6 3. d4 Bg4 4. dxe5 Bxf3 5. Qxf3 dxe5 6. Bc4 f6 7. Qb3 Qd7 8. Bxg8 Rxg8 9. Qxg8 Nc6 10. Be3 O-O-O 11. O-O Qd1 12. Qe6+ Kb8 13. Na3 Qd7 14. Qxd7 Rxd7 15. Nb5 b6 16. Rfd1 Re7 17. Rd2 Re8 18. Rad1 Bc5 19. Bxc5 bxc5 20. Rd7 Rc8 21. Rxg7 a6 22. Na3 Nd4 23. c3 Ne2+ 24. Kf1 Nf4 25. Rxh7 Ne6 26. h4 f5 27. exf5 Nf8 28. Rf7 e4 29. g4 e3 30. fxe3 Kb7 31. g5 c4 32. Nxc4 a5 33. Nd6+ Kb8 34. Nxc8 Kxc8 35. Rxf8+ Kb7 36. g6 a4 37. g7 a3 38. g8=Q axb2 39. Rb8+ Kc6 40. Qd5# 1-0

[Event "CYCC U18"]
[Site "Victoria CAN"]
[Date "2005.03.26"]
[Round "6.4"]
[White "Meng, Fanhao"]
[Black "Kostin, Andrey"]
[Result "1-0"]
[WhiteElo "2246"]
[BlackElo "1992"]
[PlyCount "45"]
[GameId "2160767910965349"]
[EventDate "2005.03.24"]
[EventType "swiss"]
[EventRounds "7"]
[EventCountry "CAN"]

1. e4 e5 2. Nf3 Nc6 3. Bc4 Bc5 4. c3 Nf6 5. d3 d6 6. Bg5 h6 7. Bh4 Be6 8. Bb5 a6 9. Ba4 Bd7 10. O-O g5 11. Bg3 b5 12. Bb3 Bg4 13. Nbd2 Nh5 14. Bd5 Qd7 15. d4 Nxg3 16. hxg3 Bb6 17. dxe5 O-O-O 18. exd6 Qxd6 19. a4 Qxg3 20. Kh1 Qd6 21. axb5 axb5 22. c4 Ne5 23. Nxe5 1-0

[Event "CYCC U18"]
[Site "Victoria CAN"]
[Date "2005.03.26"]
[Round "6.5"]
[White "Daswani, Benedict"]
[Black "Yuan, Michael"]
[Result "0-1"]
[WhiteElo "1983"]
[BlackElo "2131"]
[PlyCount "58"]
[GameId "2160767910965350"]
[EventDate "2005.03.24"]
[EventType "swiss"]
[EventRounds "7"]
[EventCountry "CAN"]

1. g3 Nf6 2. d3 e5 3. Bg2 d5 4. Nf3 Nc6 5. c4 Be7 6. cxd5 Nxd5 7. O-O O-O 8. Nc3 Be6 9. Bd2 h6 10. Rc1 Qd7 11. a3 f5 12. b4 a6 13. Qc2 Rad8 14. Nxd5 Bxd5 15. a4 e4 16. Ne1 Nd4 17. Qd1 Bb3 18. Nc2 Qxa4 19. Ra1 Bxc2 20. Rxa4 Bxd1 21. Rxd1 Nxe2+ 22. Kf1 Nd4 23. dxe4 fxe4 24. Bxe4 Nb3 25. Ra2 Bxb4 26. Bxb4 Rxd1+ 27. Ke2 Rfd8 28. Rb2 Nc1+ 29. Kf3 Nd3 0-1

[Event "CYCC U18"]
[Site "Victoria CAN"]
[Date "2005.03.26"]
[Round "6.6"]
[White "Abrahams, Daniel"]
[Black "Harper, Jamie"]
[Result "1-0"]
[WhiteElo "1927"]
[BlackElo "1606"]
[PlyCount "75"]
[GameId "2160767910965351"]
[EventDate "2005.03.24"]
[EventType "swiss"]
[EventRounds "7"]
[EventCountry "CAN"]

1. Nf3 Nf6 2. d4 e6 3. Bf4 Be7 4. e3 O-O 5. h3 b6 6. Nbd2 Bb7 7. c3 d6 8. Qc2 Nbd7 9. Bd3 d5 10. Ne5 Rc8 11. Ndf3 c5 12. Nxd7 Qxd7 13. Ne5 Qd8 14. Qe2 c4 15. Bc2 Bd6 16. h4 Nd7 17. Nxf7 Rxf7 18. Bxd6 Nf6 19. Be5 Qe7 20. f3 Rcf8 21. O-O-O b5 22. Rdf1 b4 23. Kd2 bxc3+ 24. bxc3 Kh8 25. g4 Kg8 26. Bh2 Nd7 27. f4 Ba6 28. g5 g6 29. h5 gxh5 30. Qxh5 Rg7 31. Rfg1 Qf7 32. g6 Qf6 33. gxh7+ Kh8 34. Rxg7 Qxg7 35. Rg1 Qf7 36. Bg6 Qf6 37. Bf7 Qxf7 38. Rg8+ 1-0

[Event "CYCC U18"]
[Site "Victoria CAN"]
[Date "2005.03.27"]
[Round "7.1"]
[White "Abrahams, Daniel"]
[Black "Bluvshtein, Mark"]
[Result "0-1"]
[WhiteElo "1927"]
[BlackElo "2526"]
[PlyCount "84"]
[GameId "2160767910965352"]
[EventDate "2005.03.24"]
[EventType "swiss"]
[EventRounds "7"]
[EventCountry "CAN"]

1. d4 Nf6 2. Nf3 e6 3. Bf4 c5 4. c3 Nc6 5. e3 d5 6. Nbd2 Bd6 7. Bxd6 Qxd6 8. Bd3 O-O 9. O-O e5 10. dxe5 Nxe5 11. Nxe5 Qxe5 12. Nf3 Qe7 13. h3 b6 14. Qe2 Bb7 15. Ba6 Rfe8 16. Bxb7 Qxb7 17. Qc2 b5 18. Rfd1 g6 19. Ne1 c4 20. Nf3 a5 21. a3 b4 22. Nd4 Ne4 23. Rdc1 Reb8 24. Rab1 Ra6 25. axb4 axb4 26. Ra1 Rxa1 27. Rxa1 b3 28. Qd1 Ra8 29. Ne2 h6 30. f3 Rxa1 31. Qxa1 Nc5 32. Ng3 Nd3 33. e4 Qb6+ 34. Kh2 d4 35. Ne2 dxc3 36. Nxc3 Kg7 37. Nd1 Qd6+ 38. Kh1 Qg3 39. Qa5 Qe1+ 40. Qxe1 Nxe1 41. Kg1 Nd3 42. Kf1 Ne5 0-1

[Event "CYCC U18"]
[Site "Victoria CAN"]
[Date "2005.03.27"]
[Round "7.2"]
[White "Stevens, Christian"]
[Black "Davies, Lucas"]
[Result "0-1"]
[WhiteElo "2344"]
[BlackElo "2140"]
[PlyCount "86"]
[GameId "2160767910965353"]
[EventDate "2005.03.24"]
[EventType "swiss"]
[EventRounds "7"]
[EventCountry "CAN"]

1. Nf3 g6 2. e4 Bg7 3. d4 d6 4. Nc3 Nf6 5. Be2 O-O 6. O-O Nc6 7. d5 Ne5 8. Nxe5 dxe5 9. Bg5 Qe8 10. Qd3 c6 11. dxc6 Qxc6 12. Qc4 Bd7 13. Qxc6 Bxc6 14. f3 Rfd8 15. Bb5 Bxb5 16. Nxb5 a6 17. Na3 Kf8 18. Rfd1 Ke8 19. Kf1 Rxd1+ 20. Rxd1 Rd8 21. Rxd8+ Kxd8 22. Bxf6 Bxf6 23. Ke2 Kd7 24. c3 e6 25. Kd3 Be7 26. Nc2 Kc6 27. Kc4 Bd6 28. b4 Bc7 29. a4 b6 30. Kb3 a5 31. Kc4 Bd6 32. Na1 Bc7 33. Nb3 Bd8 34. Nc1 Bc7 35. Nd3 Bd6 36. Kb3 Bb8 37. Kc4 Bc7 38. Kb3 Bb8 39. c4 Bc7 40. b5+ Kd6 41. c5+ bxc5 42. Nb2 c4+ 43. Nxc4+ Kc5 0-1

[Event "CYCC U18"]
[Site "Victoria CAN"]
[Date "2005.03.27"]
[Round "7.3"]
[White "Lee, Jason"]
[Black "Meng, Fanhao"]
[Result "0-1"]
[WhiteElo "1894"]
[BlackElo "2246"]
[PlyCount "88"]
[GameId "2160767910965354"]
[EventDate "2005.03.24"]
[EventType "swiss"]
[EventRounds "7"]
[EventCountry "CAN"]

1. d4 d5 2. c4 Nc6 3. Nf3 Bg4 4. e3 e5 5. cxd5 Qxd5 6. Nc3 Bb4 7. Be2 exd4 8. O-O Bxc3 9. bxc3 d3 10. Qxd3 Bxf3 11. gxf3 Qxd3 12. Bxd3 O-O-O 13. Bf5+ Kb8 14. Ba3 Nge7 15. Bh3 Rd3 16. Rfc1 Rhd8 17. f4 Nd5 18. Bg2 Nxc3 19. Bf1 Ne2+ 20. Bxe2 Rxa3 21. Bf3 Ne7 22. Rab1 b6 23. Rb2 g6 24. Rcc2 Kc8 25. Rb5 c5 26. Rbb2 Kc7 27. Be2 Nc6 28. Rd2 Rxd2 29. Rxd2 Rc3 30. f5 c4 31. fxg6 hxg6 32. f4 Rc1+ 33. Rd1 Rxd1+ 34. Bxd1 Kd6 35. Kf2 b5 36. a3 a5 37. Ke2 b4 38. axb4 axb4 39. Kd2 Kc5 40. Bg4 b3 41. Kc3 Nb4 42. e4 Na2+ 43. Kb2 Kb4 44. f5 c3+ 0-1

[Event "CYCC U18"]
[Site "Victoria CAN"]
[Date "2005.03.27"]
[Round "7.5"]
[White "Yuan, Michael"]
[Black "Verdenik, Chris"]
[Result "1-0"]
[WhiteElo "2131"]
[BlackElo "1115"]
[PlyCount "99"]
[GameId "2160767910965356"]
[EventDate "2005.03.24"]
[EventType "swiss"]
[EventRounds "7"]
[EventCountry "CAN"]

1. e4 Nc6 2. d4 d5 3. e5 e6 4. Nf3 Bb4+ 5. c3 Be7 6. Bd3 f6 7. O-O fxe5 8. Nxe5 Nxe5 9. dxe5 c6 10. Qg4 Bf8 11. Qh5+ Kd7 12. c4 Qe8 13. Qh3 dxc4 14. Bxc4 Kc7 15. Nc3 g6 16. Bf4 Qd7 17. Qe3 Ne7 18. Rac1 Nf5 19. Qd2 h6 20. Nb5+ Kb8 21. Nd6 Qc7 22. Rfd1 Ne7 23. Nxc8 Nxc8 24. Bxe6 Nb6 25. Bb3 Be7 26. e6 g5 27. Bxc7+ Kxc7 28. Qe3 h5 29. Qe5+ Kc8 30. Qxh8+ Kc7 31. Qxa8 Nxa8 32. Rd7+ Kc8 33. Rxe7 Nc7 34. Rxc7+ Kxc7 35. Rd1 g4 36. e7 Kb6 37. e8=Q h4 38. Qd8+ Kb5 39. Qxh4 a5 40. Qxg4 a4 41. Qxa4+ Kb6 42. Qb4+ Kc7 43. h4 b6 44. h5 c5 45. Qb5 c4 46. Rd7+ Kc8 47. Qc6+ Kb8 48. h6 cxb3 49. h7 bxa2 50. h8=Q# 1-0

[Event "CYCC U18"]
[Site "Victoria CAN"]
[Date "2005.03.27"]
[Round "7.6"]
[White "Kostin, Andrey"]
[Black "Daswani, Benedict"]
[Result "1/2-1/2"]
[WhiteElo "1992"]
[BlackElo "1983"]
[PlyCount "31"]
[GameId "2160767910965357"]
[EventDate "2005.03.24"]
[EventType "swiss"]
[EventRounds "7"]
[EventCountry "CAN"]

1. d4 d5 2. c4 c6 3. Nc3 Nf6 4. Nf3 g6 5. Qb3 Bg7 6. e3 O-O 7. Bd3 dxc4 8. Bxc4 b5 9. Bd3 Nbd7 10. O-O e5 11. Nxe5 Nxe5 12. dxe5 Qxd3 13. exf6 Bxf6 14. Rd1 Qf5 15. e4 Qh5 16. Be3 1/2-1/2

[Event "CYCC U18 w"]
[Site "Victoria CAN"]
[Date "2005.03.24"]
[Round "1"]
[White "Larocque, Angele"]
[Black "Mignault, Dominik"]
[Result "0-1"]
[WhiteElo "933"]
[BlackElo "1413"]
[PlyCount "84"]
[GameId "2160767910965358"]
[EventDate "2005.03.24"]
[EventType "tourn"]
[EventRounds "6"]
[EventCountry "CAN"]

1. e4 e5 2. Nf3 Nc6 3. Bc4 Bc5 4. d3 Nf6 5. Nc3 O-O 6. O-O d6 7. h3 h6 8. Be3 Qe7 9. a3 Be6 10. Bd5 Bxd5 11. Nxd5 Nxd5 12. exd5 Nd8 13. Qd2 Bxe3 14. Qxe3 f6 15. Nh4 Qf7 16. c4 Qh5 17. Qg3 Kh7 18. Rae1 f5 19. Nf3 Rf6 20. d4 e4 21. Nd2 c6 22. c5 cxd5 23. Rc1 f4 24. Qh2 Nc6 25. Nb3 Raf8 26. cxd6 Rxd6 27. Kh1 Qe2 28. Rb1 Qb5 29. Nd2 Nxd4 30. g3 Qe2 31. Rbd1 Nf3 32. Nxf3 Qxf3+ 33. Kg1 Rff6 34. h4 Rg6 35. Qh3 Qb3 36. Qf5 Rdf6 37. Qe5 fxg3 38. fxg3 Rxg3+ 39. Kh1 Rh3+ 40. Kg1 Rg6+ 41. Kf2 Rf3+ 42. Ke2 Qe3# 0-1

[Event "CYCC U18 w"]
[Site "Victoria CAN"]
[Date "2005.03.24"]
[Round "2"]
[White "Kazakevich, Anastasia"]
[Black "Larocque, Angele"]
[Result "1-0"]
[WhiteElo "1937"]
[BlackElo "933"]
[PlyCount "79"]
[GameId "2160767910965359"]
[EventDate "2005.03.24"]
[EventType "tourn"]
[EventRounds "6"]
[EventCountry "CAN"]

1. d4 d5 2. c4 dxc4 3. Nc3 c6 4. e3 Nf6 5. Bxc4 g6 6. Nf3 Bh6 7. O-O O-O 8. h3 b5 9. Bd3 e6 10. e4 Bxc1 11. Qxc1 Na6 12. Qh6 Re8 13. e5 Nh5 14. Ng5 Ng7 15. Qxh7+ Kf8 16. Qh8+ Ke7 17. Qxg7 Kd7 18. Qxf7+ Re7 19. Qxg6 Qb6 20. Be2 Qxd4 21. Rfd1 Qxd1+ 22. Rxd1+ Kc7 23. Nce4 Nb8 24. Nc5 Kb6 25. Ncxe6 Bxe6 26. Nxe6 Nd7 27. f4 a6 28. Nd4 Nb8 29. Bf3 Rc7 30. Rc1 Kb7 31. Nxc6 Nxc6 32. Rxc6 Kc8 33. Rxc7+ Kxc7 34. Qc6+ Kd8 35. Qxa8+ Ke7 36. Qb7+ Kf8 37. Bh5 Kg8 38. Qf7+ Kh8 39. Bg6 b4 40. Qh7# 1-0

[Event "CYCC U18 w"]
[Site "Victoria CAN"]
[Date "2005.03.25"]
[Round "3"]
[White "Mignault, Dominik"]
[Black "Kazakevich, Anastasia"]
[Result "0-1"]
[WhiteElo "1413"]
[BlackElo "1937"]
[PlyCount "78"]
[GameId "2160767910965361"]
[EventDate "2005.03.24"]
[EventType "tourn"]
[EventRounds "6"]
[EventCountry "CAN"]

1. d4 d5 2. c4 c6 3. Nc3 Nf6 4. Nf3 e6 5. Bg5 Be7 6. e3 O-O 7. Bd3 Nbd7 8. O-O b6 9. Re1 Bb7 10. Rc1 dxc4 11. Bxc4 c5 12. e4 cxd4 13. Qxd4 Bc5 14. Qd2 Qc8 15. Rcd1 Bxf2+ 16. Qxf2 Qxc4 17. e5 Ng4 18. Rd4 Nxf2 19. Rxc4 Nd3 20. Re3 Bxf3 21. gxf3 N3xe5 22. Rd4 f6 23. Bf4 Rad8 24. Nb5 g5 25. Bg3 Rc8 26. a3 a6 27. Nd6 Rc2 28. b3 Kg7 29. Bxe5 Nxe5 30. f4 gxf4 31. Rxf4 Rc6 32. Rg3+ Ng6 33. Ne4 f5 34. Ng5 Nxf4 35. Nxe6+ Kf7 36. Nxf4 Rc2 37. Nd3 Rd8 38. Ne5+ Kf6 39. Re3 Rd1+ 0-1

[Event "CYCC U18 w"]
[Site "Victoria CAN"]
[Date "2005.03.25"]
[Round "4"]
[White "Mignault, Dominik"]
[Black "Larocque, Angele"]
[Result "1-0"]
[WhiteElo "1413"]
[BlackElo "933"]
[PlyCount "63"]
[GameId "2160767910965363"]
[EventDate "2005.03.24"]
[EventType "tourn"]
[EventRounds "6"]
[EventCountry "CAN"]

1. d4 d5 2. c4 c6 3. Nc3 Nf6 4. Nf3 Bf5 5. Bg5 Nbd7 6. e3 Bg6 7. Be2 e6 8. O-O Bd6 9. Re1 O-O 10. Bd3 dxc4 11. Bxc4 Qc7 12. e4 e5 13. Qd2 Rfe8 14. Rad1 Bh5 15. d5 Nb6 16. Qd3 Bc5 17. Bb3 Ng4 18. Rf1 Nd7 19. dxc6 bxc6 20. Qxd7 Qb6 21. Bh4 Rab8 22. h3 Ne3 23. fxe3 Bxe3+ 24. Kh1 Qa6 25. Qd3 Qb6 26. Qd7 Bf4 27. Rd6 Qa6 28. Rfd1 h6 29. Qf5 Qb6 30. Qxh5 g6 31. Qxg6+ Kf8 32. Qxf7# 1-0

[Event "CYCC U18 w"]
[Site "Victoria CAN"]
[Date "2005.03.26"]
[Round "5"]
[White "Larocque, Angele"]
[Black "Kazakevich, Anastasia"]
[Result "0-1"]
[WhiteElo "933"]
[BlackElo "1937"]
[PlyCount "102"]
[GameId "2160767910965365"]
[EventDate "2005.03.24"]
[EventType "tourn"]
[EventRounds "6"]
[EventCountry "CAN"]
[SourceTitle "Scoresheet"]

1. e4 c5 2. Nc3 e6 3. Bc4 a6 4. Nf3 Nc6 5. a3 b5 6. Be2 Bb7 7. d3 Qc7 8. Be3 Nf6 9. h3 Be7 10. g4 h6 11. d4 cxd4 12. Bxd4 Nxd4 13. Qxd4 Bc5 14. Qe5 Qxe5 15. Nxe5 Nxe4 16. Nd1 Ng3 17. fxg3 Bxh1 18. Bf3 Bxf3 19. Nxf3 Rc8 20. Rc1 Be7 21. Ne3 Bg5 22. Kf2 Bxe3+ 23. Kxe3 Ke7 24. h4 Rc7 25. b3 Rhc8 26. Ne1 Rc3+ 27. Kf2 d5 28. a4 Rxb3 29. cxb3 Rxc1 30. Nf3 Rc2+ 31. Ke1 Rc3 32. Nd2 Rxg3 33. g5 hxg5 34. h5 Rg1+ 35. Kf2 Rh1 36. a5 Rh2+ 37. Ke1 Rxd2 38. Kxd2 g4 39. Ke1 g3 40. Kf1 d4 41. Ke2 d3+ 42. Kxd3 g2 43. b4 g1=Q 44. h6 gxh6 45. Kc2 Qe3 46. Kd1 Qf2 47. Kc1 h5 48. Kb1 h4 49. Kc1 h3 50. Kd1 h2 51. Kc1 h1=R# 0-1